000 00597nam a22001817a 4500
005 20251108171210.0
008 250721s1993 xx 000 0 ara d
082 1 4 _a210.1/محم
100 1 _aأركون، محمد
245 1 0 _aأين هو الفكر الإسلامي المعاصر :
_bمن فيصل التفرقة إلى فيصل المقال /
264 1 _aبيروت :
_bدار الساقي،
_c1993.
300 _a198ص
650 1 7 _aالإسلام
650 1 7 _aالفلسفة الإسلامية
700 1 _aصالح، هاشم
_eترجمة
942 _2ddc
_cBK
999 _c59144
_d59144